Hity Zlatej brány VI.

Bibliographic Details
Format: Audio
Language:Slovak
PhysicalDescription:1 zvuková platňa (63 min. 18 sek.) stereo
Published: Bratislava Sony Music/Bonton 2003
Subjects:

MARC

LEADER 00000njm a2200000 a 4500
001 vtls001466479
003 SK-MaSNL
005 20260302085854.0
008 160624s2003 xo 0 slo
015 |a SNBJ2004/01-00202 
035 |a SNK000421784 
040 |a SNK  |b slo  |c SNK  |e AACR2 
041 0 |a slo 
044 |a xo  |c SK 
072 7 |a 784  |2 konspekt 
080 |a 784.67  |2 1981 
080 |a 785.16  |2 1981 
080 |a (086.76)  |2 1981 
080 |a 784.67:785.16(086.76)  |2 2. slo 
080 |a 785.16  |2 2. slo 
245 1 |a Hity Zlatej brány VI.  |h zvukový dokument 
260 |a Bratislava  |b Sony Music/Bonton  |c 2003 
300 |a 1 zvuková platňa (63 min. 18 sek.)  |b stereo 
505 0 |a Obsahuje 27 piesní 
650 0 7 |a detské piesne  |2 SNK  |9 3415 
650 0 7 |a populárna hudba  |2 SNK  |9 3428 
650 0 7 |a populárna hudba  |x piesne pre deti  |x platne kompaktné  |2 SNK  |9 293164 
650 0 7 |a vokálna hudba  |2 konspekt  |9 3442 
655 7 |a kompaktné platne  |2 SNK  |9 70690 
655 7 |a kompaktné platne  |2 SNK  |9 70690 
999 |c 1194185  |d 1196115 
952 |t P60, <03>, [AUDIO], {603}  |a SNK  |b SNK  |y PREZ  |7 0  |p 17A0408994  |o snkSCD 874/6  |i snkJK 49/2004  |0 0  |1 0  |4 0  |d 2004-01-16  |l 0  |r 2005-01-02 00:00:00  |w 2026-02-24